Hydraulické pochody
Guardado en:
| Autor principal: | |
|---|---|
| Formato: | Libro |
| Lenguaje: | checo |
| Publicado: |
Brno :
CERM,
2004
|
| Materias: | |
| Etiquetas: |
Sin Etiquetas, Sea el primero en etiquetar este registro!
|
MARC
| LEADER | 00000nam a22000003a 4500 | ||
|---|---|---|---|
| 001 | stu103168 | ||
| 005 | 20150617225826.1 | ||
| 008 | 060116s2004----xr------------------cze-d | ||
| 020 | |a 80-214-2640-3 | ||
| 040 | |a STU |b slo | ||
| 041 | 0 | |a cze | |
| 044 | |a xr | ||
| 080 | |a 621.22 | ||
| 100 | 1 | |a Medek, Jaroslav |4 aut | |
| 245 | 1 | |a Hydraulické pochody | |
| 260 | |a Brno : |b CERM, |c 2004 | ||
| 300 | |a 339 s | ||
| 650 | 7 | |a hydraulika |2 stusub | |
| 996 | |b 284M064016 |c M*S-1189-1 |l MMKN |s A |a 24 |w stu103168_0001 | ||